LEADER 01157nam--2200385---450- 001 990002289620203316 005 20090223104052.0 035 $a000228962 035 $aUSA01000228962 035 $a(ALEPH)000228962USA01 035 $a000228962 100 $a20041221d1980----km-y0itay0103----ba 101 $aita 102 $aIT 105 $a||||||||001yy 200 1 $a<> nuova economia politica americana$fintroduzione a cura di Francesco Forte e Elena Granaglia$gtraduzione dall'americano di Susanna Basso 210 $aMilano$cSugarco$d1980 215 $a287 p.$d21 cm 225 2 $aArgomenti$v79 410 0$12001$aArgomenti$v79 454 1$12001 461 1$1001-------$12001 676 $a330.08 702 1$aFORTE,$bFrancesco 702 1$aGRANAGLIA,$bElena 702 1$aBASSO,$bSusanna 801 0$aIT$bsalbc$gISBD 912 $a990002289620203316 951 $a330.08 NUO 1 (IEP III 370)$b8069 E. C.$cIEP III$d00198349 959 $aBK 969 $aECO 979 $aSIAV1$b10$c20041221$lUSA01$h1219 979 $aRSIAV2$b90$c20090223$lUSA01$h1040 996 $aNuova economia politica americana$955346 997 $aUNISA